000 01145nam0a22002771 4500
001 rc\3135732
005 20250530082225.0
021 _aRU
_b[75-29150]
035 _a(NLR Aleph) 007316536
090 _a5865023
_c5865023
100 _a20120615d1975 |||y0rusy50 ca
101 0 _arus
102 _aRU
105 _ay z |||||
200 1 _aЭффективность использования основных фондов в машиностроении
_e(Методы и практика выявления резервов)
210 _aРостов
_cКн. изд-во
_d1975
215 _a110 с.
_d20
225 1 _aПроизводство и экономика
300 _aПеред загл. авт.: А.Я. Стадник, канд. экон. наук
606 _aМашиностроительные заводы
_xОсновные фонды
_xИспользование
_xЭкономическая эффективность
_2psbo
700 1 _aСтадник
_bА.Я.
_gАлексей Яковлевич
801 0 _aRU
_bNLR
_gpsbo
801 1 _aRU
_bELAR
_2rusmarc
852 _aNLR
_j75-3/1778
942 _cBOOK
980 _aNB